Cẩm nang thị trường xuất khẩu: Thị trường Nhật Bản
Guardado en:
| Autor Corporativo: | |
|---|---|
| Formato: | Libro |
| Lenguaje: | Undetermined |
| Publicado: |
Hà Nội
Lao động Xã hội
2003
|
| Materias: | |
| Etiquetas: |
Agregar Etiqueta
Sin Etiquetas, Sea el primero en etiquetar este registro!
|
| Thư viện lưu trữ: | Trung tâm Học liệu Trường Đại học Cần Thơ |
|---|
| LEADER | 00734nam a2200205Ia 4500 | ||
|---|---|---|---|
| 001 | CTU_61986 | ||
| 008 | 210402s9999 xx 000 0 und d | ||
| 020 | |b 23000 | ||
| 082 | |a 382.6 | ||
| 082 | |b V305 | ||
| 110 | |a Viện tư vấn phát triển KT-XH nông thôn và miền núi (CISDOMA) | ||
| 245 | 0 | |a Cẩm nang thị trường xuất khẩu: Thị trường Nhật Bản | |
| 245 | 0 | |c Viện tư vấn phát triển KT-XH nông thôn và miền núi (CISDOMA) | |
| 260 | |a Hà Nội | ||
| 260 | |b Lao động Xã hội | ||
| 260 | |c 2003 | ||
| 650 | |a Foreign trade,Markets | ||
| 650 | |z Japan | ||
| 904 | |i Minh | ||
| 980 | |a Trung tâm Học liệu Trường Đại học Cần Thơ | ||